| 000 | 00000nam 2200000zi 4500 |
| 001 | 9.938887 |
| 003 | CaOODSP |
| 005 | 20240719111018 |
| 006 | m o d f |
| 007 | cr cn||||||||| |
| 008 | 240531t20242024oncd ob f000 0 eng d |
| 020 | |a9780660721743 |
| 040 | |aCaOODSP|beng|erda|cCaOODSP |
| 043 | |an-cn--- |
| 086 | 1 |aFs70-5/2024-042E-PDF |
| 100 | 1 |aGibson, A. J. F., |eauthor. |
| 245 | 10|aGaspereau assessment for the Gulf region to 2019 : |bpopulation dynamics, reference points and status / |cA. Jamie F. Gibson and Cindy Breau. |
| 264 | 1|aOttawa ON : |bCanadian Science Advisory Secretariat (CSAS), |c2024. |
| 264 | 4|c©2024 |
| 300 | |a1 online resource (iv, 53 pages) : |bgraphs. |
| 336 | |atext|btxt|2rdacontent |
| 337 | |acomputer|bc|2rdamedia |
| 338 | |aonline resource|bcr|2rdacarrier |
| 490 | 1 |aResearch document, |x1919-5044 ; |v2024/042 |
| 500 | |aCover title. |
| 500 | |a"June 2024." |
| 500 | |aIssued also in French under title: Évaluation du gaspareau de la région du Golfe jusqu'en 2019 : dynamique des populations, points de référence et état de la situation. |
| 504 | |aIncludes bibliographical references (pages 17-19). |
| 520 | 3 |a"This working paper was prepared in support of the "Assessment of the status of gaspereau stocks of the southern Gulf of St. Lawrence (sGSL)" Regional Advisory Process, April 20-21, 2021. Reference points and assessment approaches for gaspereau (Alewife and Blueback Herring) fisheries; and the status of the Margaree River Alewife population, are provided in this paper"--Abstract, page iv. |
| 650 | 0|aAlosa aestivalis fisheries|zSaint Lawrence, Gulf of. |
| 650 | 0|aAlosa pseudoharengus fisheries|zSaint Lawrence, Gulf of. |
| 650 | 0|aFish stock assessment|zSaint Lawrence, Gulf of. |
| 710 | 1 |aCanada. |bDepartment of Fisheries and Oceans. |bGulf Region, |eissuing body. |
| 710 | 2 |aCanadian Science Advisory Secretariat, |eissuing body. |
| 775 | 08|tÉvaluation du gaspareau de la région du Golfe jusqu'en 2019 : |w(CaOODSP)9.938888 |
| 830 | #0|aResearch document (Canadian Science Advisory Secretariat)|x1919-5044 ; |v2024/042.|w(CaOODSP)9.507396 |
| 856 | 40|qPDF|s1.63 MB|uhttps://publications.gc.ca/collections/collection_2024/mpo-dfo/fs70-5/Fs70-5-2024-042-eng.pdf |